<?xml version="1.0" encoding="UTF-8"?>
<collection xmlns="http://www.loc.gov/MARC21/slim">
 <record>
  <leader>09434cam a2201441 c 4500</leader>
  <controlfield tag="001">358056209</controlfield>
  <controlfield tag="003">DE-627</controlfield>
  <controlfield tag="005">20260422161034.0</controlfield>
  <controlfield tag="007">tu</controlfield>
  <controlfield tag="008">021211s2004    gw ||||| m    00| ||ger c</controlfield>
  <datafield tag="015" ind1=" " ind2=" ">
   <subfield code="a">03,N01,1965</subfield>
   <subfield code="2">dnb</subfield>
  </datafield>
  <datafield tag="015" ind1=" " ind2=" ">
   <subfield code="a">04,H06,3161</subfield>
   <subfield code="2">dnb</subfield>
  </datafield>
  <datafield tag="016" ind1="7" ind2=" ">
   <subfield code="a">965715817</subfield>
   <subfield code="2">DE-101</subfield>
  </datafield>
  <datafield tag="020" ind1=" " ind2=" ">
   <subfield code="a">3412180025</subfield>
   <subfield code="q">Gb. : ca. 49.90 EUR</subfield>
   <subfield code="9">3-412-18002-5</subfield>
  </datafield>
  <datafield tag="024" ind1="3" ind2=" ">
   <subfield code="a">9783412180027</subfield>
  </datafield>
  <datafield tag="035" ind1=" " ind2=" ">
   <subfield code="a">(DE-627)358056209</subfield>
  </datafield>
  <datafield tag="035" ind1=" " ind2=" ">
   <subfield code="a">(DE-603)108790835</subfield>
  </datafield>
  <datafield tag="035" ind1=" " ind2=" ">
   <subfield code="a">(DE-576)102587272</subfield>
  </datafield>
  <datafield tag="035" ind1=" " ind2=" ">
   <subfield code="a">(DE-599)GBV358056209</subfield>
  </datafield>
  <datafield tag="035" ind1=" " ind2=" ">
   <subfield code="a">(OCoLC)723174754</subfield>
  </datafield>
  <datafield tag="035" ind1=" " ind2=" ">
   <subfield code="a">(OCoLC)54928786</subfield>
  </datafield>
  <datafield tag="035" ind1=" " ind2=" ">
   <subfield code="a">(OCoLC)237834371</subfield>
  </datafield>
  <datafield tag="035" ind1=" " ind2=" ">
   <subfield code="a">(DE-605)HT013985845</subfield>
  </datafield>
  <datafield tag="040" ind1=" " ind2=" ">
   <subfield code="a">DE-627</subfield>
   <subfield code="b">ger</subfield>
   <subfield code="c">DE-627</subfield>
   <subfield code="e">rakwb</subfield>
  </datafield>
  <datafield tag="041" ind1=" " ind2=" ">
   <subfield code="a">ger</subfield>
  </datafield>
  <datafield tag="044" ind1=" " ind2=" ">
   <subfield code="c">XA-DE</subfield>
   <subfield code="c">XA-AT</subfield>
  </datafield>
  <datafield tag="050" ind1=" " ind2="0">
   <subfield code="a">DD801.S35</subfield>
  </datafield>
  <datafield tag="082" ind1="0" ind2=" ">
   <subfield code="a">943./21</subfield>
  </datafield>
  <datafield tag="082" ind1="0" ind2=" ">
   <subfield code="a">943.21</subfield>
  </datafield>
  <datafield tag="082" ind1="0" ind2="4">
   <subfield code="a">943</subfield>
  </datafield>
  <datafield tag="084" ind1=" " ind2=" ">
   <subfield code="a">63</subfield>
   <subfield code="2">sdnb</subfield>
  </datafield>
  <datafield tag="084" ind1=" " ind2=" ">
   <subfield code="a">8,1</subfield>
   <subfield code="2">ssgn</subfield>
  </datafield>
  <datafield tag="084" ind1=" " ind2=" ">
   <subfield code="a">LB 40080</subfield>
   <subfield code="q">BVB</subfield>
   <subfield code="2">rvk</subfield>
   <subfield code="0">(DE-625)rvk/90549:797</subfield>
  </datafield>
  <datafield tag="084" ind1=" " ind2=" ">
   <subfield code="a">ME 2600</subfield>
   <subfield code="q">BVB</subfield>
   <subfield code="2">rvk</subfield>
   <subfield code="0">(DE-625)rvk/122587:</subfield>
  </datafield>
  <datafield tag="084" ind1=" " ind2=" ">
   <subfield code="a">MF 9300</subfield>
   <subfield code="q">BSZ</subfield>
   <subfield code="2">rvk</subfield>
   <subfield code="0">(DE-625)rvk/122809:</subfield>
  </datafield>
  <datafield tag="084" ind1=" " ind2=" ">
   <subfield code="a">NZ 13300</subfield>
   <subfield code="q">BSZ</subfield>
   <subfield code="2">rvk</subfield>
   <subfield code="0">(DE-625)rvk/132528:</subfield>
  </datafield>
  <datafield tag="084" ind1=" " ind2=" ">
   <subfield code="a">NZ 13430</subfield>
   <subfield code="q">BSZ</subfield>
   <subfield code="2">rvk</subfield>
   <subfield code="0">(DE-625)rvk/132534:</subfield>
  </datafield>
  <datafield tag="084" ind1=" " ind2=" ">
   <subfield code="a">NR 6470</subfield>
   <subfield code="q">BVB</subfield>
   <subfield code="2">rvk</subfield>
   <subfield code="0">(DE-625)rvk/129587:</subfield>
  </datafield>
  <datafield tag="084" ind1=" " ind2=" ">
   <subfield code="a">DD 4700</subfield>
   <subfield code="q">BSZ</subfield>
   <subfield code="2">rvk</subfield>
   <subfield code="0">(DE-625)rvk/19296:</subfield>
  </datafield>
  <datafield tag="084" ind1=" " ind2=" ">
   <subfield code="a">DD 4800</subfield>
   <subfield code="q">BSZ</subfield>
   <subfield code="2">rvk</subfield>
   <subfield code="0">(DE-625)rvk/19299:</subfield>
  </datafield>
  <datafield tag="084" ind1=" " ind2=" ">
   <subfield code="a">NZ 13340</subfield>
   <subfield code="q">BSZ</subfield>
   <subfield code="2">rvk</subfield>
   <subfield code="0">(DE-625)rvk/132530:</subfield>
  </datafield>
  <datafield tag="084" ind1=" " ind2=" ">
   <subfield code="a">73.93</subfield>
   <subfield code="2">bkl</subfield>
  </datafield>
  <datafield tag="084" ind1=" " ind2=" ">
   <subfield code="a">15.48</subfield>
   <subfield code="2">bkl</subfield>
  </datafield>
  <datafield tag="090" ind1=" " ind2=" ">
   <subfield code="a">a</subfield>
  </datafield>
  <datafield tag="100" ind1="1" ind2=" ">
   <subfield code="a">Schaarschmidt, Thomas</subfield>
   <subfield code="d">1960-</subfield>
   <subfield code="0">(DE-588)128919701</subfield>
   <subfield code="0">(DE-627)385333706</subfield>
   <subfield code="0">(DE-576)171491351</subfield>
   <subfield code="4">aut</subfield>
  </datafield>
  <datafield tag="245" ind1="1" ind2="0">
   <subfield code="a">Regionalkultur und Diktatur</subfield>
   <subfield code="b">sächsische Heimatbewegung und Heimat-Propaganda im Dritten Reich und in der SBZ/DDR</subfield>
   <subfield code="c">Thomas Schaarschmidt</subfield>
  </datafield>
  <datafield tag="263" ind1=" " ind2=" ">
   <subfield code="a">Gb. : ca. 49.90 EUR</subfield>
  </datafield>
  <datafield tag="264" ind1=" " ind2="1">
   <subfield code="a">Köln</subfield>
   <subfield code="a">Weimar</subfield>
   <subfield code="a">Wien</subfield>
   <subfield code="b">Böhlau</subfield>
   <subfield code="c">2004</subfield>
  </datafield>
  <datafield tag="300" ind1=" " ind2=" ">
   <subfield code="a">XV, 574 S.</subfield>
   <subfield code="c">24 cm</subfield>
  </datafield>
  <datafield tag="336" ind1=" " ind2=" ">
   <subfield code="a">Text</subfield>
   <subfield code="b">txt</subfield>
   <subfield code="2">rdacontent</subfield>
  </datafield>
  <datafield tag="337" ind1=" " ind2=" ">
   <subfield code="a">ohne Hilfsmittel zu benutzen</subfield>
   <subfield code="b">n</subfield>
   <subfield code="2">rdamedia</subfield>
  </datafield>
  <datafield tag="338" ind1=" " ind2=" ">
   <subfield code="a">Band</subfield>
   <subfield code="b">nc</subfield>
   <subfield code="2">rdacarrier</subfield>
  </datafield>
  <datafield tag="490" ind1="1" ind2=" ">
   <subfield code="a">Geschichte und Politik in Sachsen</subfield>
   <subfield code="v">19</subfield>
  </datafield>
  <datafield tag="500" ind1=" " ind2=" ">
   <subfield code="a">Literaturverz. S. [529] - 547</subfield>
  </datafield>
  <datafield tag="502" ind1=" " ind2=" ">
   <subfield code="a">Zugl.: Leipzig, Univ., Habil.-Schr., 2001</subfield>
  </datafield>
  <datafield tag="505" ind1="8" ind2=" ">
   <subfield code="a">Quellen- und Literaturverz. S. [517] - 547</subfield>
  </datafield>
  <datafield tag="583" ind1="1" ind2=" ">
   <subfield code="a">Archivierung/Langzeitarchivierung gewährleistet</subfield>
   <subfield code="f">SLG</subfield>
   <subfield code="x">XA-DE-BW</subfield>
   <subfield code="z">BfZ</subfield>
   <subfield code="2">pdager</subfield>
   <subfield code="5">DE-24</subfield>
  </datafield>
  <datafield tag="648" ind1=" " ind2="7">
   <subfield code="a">Geschichte 1936-1949</subfield>
   <subfield code="2">gnd</subfield>
  </datafield>
  <datafield tag="648" ind1=" " ind2="7">
   <subfield code="a">Geschichte 1933-1989</subfield>
   <subfield code="2">gnd</subfield>
  </datafield>
  <datafield tag="650" ind1=" " ind2="0">
   <subfield code="a">Regionalism</subfield>
   <subfield code="z">Germany</subfield>
   <subfield code="z">Saxony</subfield>
  </datafield>
  <datafield tag="650" ind1="0" ind2="7">
   <subfield code="0">(DE-588)4149920-7</subfield>
   <subfield code="0">(DE-627)105557463</subfield>
   <subfield code="0">(DE-576)209775815</subfield>
   <subfield code="a">Diktatur</subfield>
   <subfield code="2">gnd</subfield>
  </datafield>
  <datafield tag="650" ind1="0" ind2="7">
   <subfield code="0">(DE-588)4033581-1</subfield>
   <subfield code="0">(DE-627)106256629</subfield>
   <subfield code="0">(DE-576)209002697</subfield>
   <subfield code="a">Kulturpolitik</subfield>
   <subfield code="2">gnd</subfield>
  </datafield>
  <datafield tag="650" ind1="0" ind2="7">
   <subfield code="0">(DE-588)4177427-9</subfield>
   <subfield code="0">(DE-627)105348694</subfield>
   <subfield code="0">(DE-576)209977612</subfield>
   <subfield code="a">Regionalkultur</subfield>
   <subfield code="2">gnd</subfield>
  </datafield>
  <datafield tag="650" ind1="0" ind2="7">
   <subfield code="0">(DE-588)4041316-0</subfield>
   <subfield code="0">(DE-627)106219685</subfield>
   <subfield code="0">(DE-576)209044454</subfield>
   <subfield code="a">Nationalsozialismus</subfield>
   <subfield code="2">gnd</subfield>
  </datafield>
  <datafield tag="650" ind1="0" ind2="7">
   <subfield code="0">(DE-588)4024105-1</subfield>
   <subfield code="0">(DE-627)104340754</subfield>
   <subfield code="0">(DE-576)208953175</subfield>
   <subfield code="a">Heimat</subfield>
   <subfield code="2">gnd</subfield>
  </datafield>
  <datafield tag="650" ind1="0" ind2="7">
   <subfield code="0">(DE-588)4031892-8</subfield>
   <subfield code="0">(DE-627)10448389X</subfield>
   <subfield code="0">(DE-576)208994718</subfield>
   <subfield code="a">Kommunismus</subfield>
   <subfield code="2">gnd</subfield>
  </datafield>
  <datafield tag="650" ind1="0" ind2="7">
   <subfield code="0">(DE-588)4076374-2</subfield>
   <subfield code="0">(DE-627)104637161</subfield>
   <subfield code="0">(DE-576)209201711</subfield>
   <subfield code="a">Propaganda</subfield>
   <subfield code="2">gnd</subfield>
  </datafield>
  <datafield tag="650" ind1="0" ind2="7">
   <subfield code="0">(DE-588)4125698-0</subfield>
   <subfield code="0">(DE-627)104470348</subfield>
   <subfield code="0">(DE-576)209578750</subfield>
   <subfield code="a">Kultur</subfield>
   <subfield code="2">gnd</subfield>
  </datafield>
  <datafield tag="651" ind1=" " ind2="0">
   <subfield code="a">Saxony (Germany)</subfield>
   <subfield code="x">History</subfield>
  </datafield>
  <datafield tag="651" ind1=" " ind2="7">
   <subfield code="0">(DE-588)4051176-5</subfield>
   <subfield code="0">(DE-627)106178245</subfield>
   <subfield code="0">(DE-576)209091789</subfield>
   <subfield code="a">Sachsen</subfield>
   <subfield code="2">gnd</subfield>
  </datafield>
  <datafield tag="655" ind1=" " ind2="7">
   <subfield code="a">Hochschulschrift</subfield>
   <subfield code="0">(DE-588)4113937-9</subfield>
   <subfield code="0">(DE-627)105825778</subfield>
   <subfield code="0">(DE-576)209480580</subfield>
   <subfield code="2">gnd-content</subfield>
  </datafield>
  <datafield tag="689" ind1="0" ind2="0">
   <subfield code="d">g</subfield>
   <subfield code="0">(DE-588)4051176-5</subfield>
   <subfield code="0">(DE-627)106178245</subfield>
   <subfield code="0">(DE-576)209091789</subfield>
   <subfield code="a">Sachsen</subfield>
   <subfield code="2">gnd</subfield>
  </datafield>
  <datafield tag="689" ind1="0" ind2="1">
   <subfield code="d">s</subfield>
   <subfield code="0">(DE-588)4288297-7</subfield>
   <subfield code="0">(DE-627)10427543X</subfield>
   <subfield code="0">(DE-576)210822201</subfield>
   <subfield code="a">Heimatgefühl</subfield>
   <subfield code="2">gnd</subfield>
  </datafield>
  <datafield tag="689" ind1="0" ind2="2">
   <subfield code="d">s</subfield>
   <subfield code="0">(DE-588)4229761-8</subfield>
   <subfield code="0">(DE-627)10494563X</subfield>
   <subfield code="0">(DE-576)210341874</subfield>
   <subfield code="a">Politische Bewegung</subfield>
   <subfield code="2">gnd</subfield>
  </datafield>
  <datafield tag="689" ind1="0" ind2="3">
   <subfield code="a">z</subfield>
   <subfield code="2">gnd</subfield>
   <subfield code="a">Geschichte 1936-1949</subfield>
  </datafield>
  <datafield tag="689" ind1="0" ind2=" ">
   <subfield code="5">DE-101</subfield>
  </datafield>
  <datafield tag="689" ind1="1" ind2="0">
   <subfield code="d">s</subfield>
   <subfield code="0">(DE-588)4149920-7</subfield>
   <subfield code="0">(DE-627)105557463</subfield>
   <subfield code="0">(DE-576)209775815</subfield>
   <subfield code="a">Diktatur</subfield>
   <subfield code="2">gnd</subfield>
  </datafield>
  <datafield tag="689" ind1="1" ind2="1">
   <subfield code="d">s</subfield>
   <subfield code="0">(DE-588)4177427-9</subfield>
   <subfield code="0">(DE-627)105348694</subfield>
   <subfield code="0">(DE-576)209977612</subfield>
   <subfield code="a">Regionalkultur</subfield>
   <subfield code="2">gnd</subfield>
  </datafield>
  <datafield tag="689" ind1="1" ind2="2">
   <subfield code="d">s</subfield>
   <subfield code="0">(DE-588)4275671-6</subfield>
   <subfield code="0">(DE-627)104423668</subfield>
   <subfield code="0">(DE-576)210716959</subfield>
   <subfield code="a">Regionale Identität</subfield>
   <subfield code="2">gnd</subfield>
  </datafield>
  <datafield tag="689" ind1="1" ind2="3">
   <subfield code="d">s</subfield>
   <subfield code="0">(DE-588)4058813-0</subfield>
   <subfield code="0">(DE-627)10475737X</subfield>
   <subfield code="0">(DE-576)20912802X</subfield>
   <subfield code="a">Systemvergleich</subfield>
   <subfield code="2">gnd</subfield>
  </datafield>
  <datafield tag="689" ind1="1" ind2=" ">
   <subfield code="5">(DE-627)</subfield>
  </datafield>
  <datafield tag="751" ind1=" " ind2=" ">
   <subfield code="a">Leipzig</subfield>
   <subfield code="0">(DE-588)4035206-7</subfield>
   <subfield code="0">(DE-627)104798998</subfield>
   <subfield code="0">(DE-576)209011246</subfield>
   <subfield code="4">uvp</subfield>
  </datafield>
  <datafield tag="787" ind1="0" ind2="8">
   <subfield code="i">Rezension</subfield>
   <subfield code="a">Just, Johannes, 1939 - 2017</subfield>
   <subfield code="t">Thomas Schaarschmidt, Regionalkultur und Diktatur, sächsische Heimatbewegung und Heimatpropaganda im Dritten Reich und in der SBZ/DDR</subfield>
   <subfield code="d">2007</subfield>
   <subfield code="w">(DE-627)1343541611</subfield>
   <subfield code="w">(DE-576)273541617</subfield>
  </datafield>
  <datafield tag="787" ind1="0" ind2="8">
   <subfield code="i">Rezension</subfield>
   <subfield code="a">Bauerkämper, Arnd, 1958 - </subfield>
   <subfield code="t">[Rezension von: Thomas Schaarschmidt, Regionalkultur und Diktatur]</subfield>
   <subfield code="d">2005</subfield>
   <subfield code="w">(DE-627)157757320X</subfield>
   <subfield code="w">(DE-576)50757320X</subfield>
  </datafield>
  <datafield tag="787" ind1="0" ind2="8">
   <subfield code="i">Rezension</subfield>
   <subfield code="a">Vollnhals, Clemens, 1956 - </subfield>
   <subfield code="t">[Rezension von: Thomas Schaarschmidt, Regionalkultur und Diktatur]</subfield>
   <subfield code="d">2005</subfield>
   <subfield code="w">(DE-627)1577573374</subfield>
   <subfield code="w">(DE-576)507573374</subfield>
  </datafield>
  <datafield tag="787" ind1="0" ind2="8">
   <subfield code="i">Rezensiert in</subfield>
   <subfield code="a">Schmeitzner, Mike, 1968 - </subfield>
   <subfield code="t">Thomas Schaarschmidt, Regionalkultur und Diktatur : sächsische Heimatbewegung und Heimat-Propaganda im Dritten Reich und in der SBZ/DDR, Köln [u.a.], Böhlau, 2004, 574 S., ISBN 3-412-18002-5</subfield>
   <subfield code="d">2009</subfield>
   <subfield code="w">(DE-627)1632056402</subfield>
   <subfield code="w">(DE-576)438111885</subfield>
  </datafield>
  <datafield tag="787" ind1="0" ind2="8">
   <subfield code="i">Rezensiert in</subfield>
   <subfield code="a">Schmeitzner, Mike, 1968 - </subfield>
   <subfield code="t">Thomas Schaarschmidt, Regionalkultur und Diktatur : sächsische Heimatbewegung und Heimat-Propaganda im Dritten Reich und in der SBZ/DDR, Köln [u.a.], Böhlau, 2004, 574 S., ISBN 3-412-18002-5</subfield>
   <subfield code="d">2009</subfield>
   <subfield code="w">(DE-627)1839383941</subfield>
  </datafield>
  <datafield tag="830" ind1=" " ind2="0">
   <subfield code="a">Geschichte und Politik in Sachsen</subfield>
   <subfield code="v">19</subfield>
   <subfield code="9">1900</subfield>
   <subfield code="w">(DE-627)231977530</subfield>
   <subfield code="w">(DE-576)053957644</subfield>
   <subfield code="w">(DE-600)1388285-5</subfield>
   <subfield code="x">1611-5139</subfield>
   <subfield code="7">am</subfield>
  </datafield>
  <datafield tag="856" ind1="4" ind2="2">
   <subfield code="u">http://www.h-net.org/review/hrev-a0e7i7-aa</subfield>
   <subfield code="v">2014-05-14</subfield>
   <subfield code="x">Verlag</subfield>
   <subfield code="y">Book review (H-Net)</subfield>
   <subfield code="7">1</subfield>
  </datafield>
  <datafield tag="856" ind1="4" ind2="2">
   <subfield code="u">https://swbplus.bsz-bw.de/bsz102587272inh.htm</subfield>
   <subfield code="m">B:DE-576;DE-14</subfield>
   <subfield code="q">application/pdf</subfield>
   <subfield code="v">20100901123607</subfield>
   <subfield code="x">Verlag</subfield>
   <subfield code="3">Inhaltsverzeichnis</subfield>
   <subfield code="7">1</subfield>
  </datafield>
  <datafield tag="856" ind1="4" ind2="2">
   <subfield code="u">http://www.sehepunkte.de/2005/06/6370.html</subfield>
   <subfield code="m">V:DE-576;X:Sehepunkte</subfield>
   <subfield code="q">text/html</subfield>
   <subfield code="v">20180424123805</subfield>
   <subfield code="3">Rezension</subfield>
   <subfield code="7">1</subfield>
  </datafield>
  <datafield tag="856" ind1="4" ind2="2">
   <subfield code="u">http://scans.hebis.de/HEBCGI/show.pl?10879083_toc.pdf</subfield>
   <subfield code="m">V:DE-576;B:DE-14</subfield>
   <subfield code="q">application/pdf</subfield>
   <subfield code="3">Inhaltsverzeichnis</subfield>
   <subfield code="7">1</subfield>
  </datafield>
  <datafield tag="856" ind1="4" ind2="2">
   <subfield code="u">http://scans.hebis.de/HEBCGI/show.pl?10879083_bib.pdf</subfield>
   <subfield code="m">V:DE-603;B:DE-Mb50</subfield>
   <subfield code="q">application/pdf</subfield>
   <subfield code="3">Buch Bibliographie</subfield>
   <subfield code="7">1</subfield>
  </datafield>
  <datafield tag="856" ind1="4" ind2="2">
   <subfield code="u">http://scans.hebis.de/HEBCGI/show.pl?10879083_cov.pdf</subfield>
   <subfield code="m">V:DE-603;B:DE-Mb50</subfield>
   <subfield code="q">application/pdf</subfield>
   <subfield code="3">Cover</subfield>
   <subfield code="7">1</subfield>
  </datafield>
  <datafield tag="856" ind1="4" ind2="2">
   <subfield code="u">http://scans.hebis.de/HEBCGI/show.pl?10879083_idx.pdf</subfield>
   <subfield code="m">V:DE-603;B:DE-Mb50</subfield>
   <subfield code="q">application/pdf</subfield>
   <subfield code="3">Register</subfield>
   <subfield code="7">1</subfield>
  </datafield>
  <datafield tag="935" ind1=" " ind2=" ">
   <subfield code="a">SAXB</subfield>
  </datafield>
  <datafield tag="935" ind1=" " ind2=" ">
   <subfield code="i">sf</subfield>
  </datafield>
  <datafield tag="935" ind1=" " ind2=" ">
   <subfield code="i">Blocktest</subfield>
  </datafield>
  <datafield tag="936" ind1="r" ind2="v">
   <subfield code="a">LB 40080</subfield>
   <subfield code="b">Sachsen</subfield>
   <subfield code="k">Sozial- und Kulturanthropologie. Empirische Kulturwissenschaft</subfield>
   <subfield code="k">Soziale und politische Organisation und Praxis</subfield>
   <subfield code="k">Gesellschaft allgemein, Alltag und Lebensweise</subfield>
   <subfield code="k">Europa</subfield>
   <subfield code="k">Mitteleuropa</subfield>
   <subfield code="k">Deutschland</subfield>
   <subfield code="k">Mittel- und Westdeutschland</subfield>
   <subfield code="k">Sachsen</subfield>
   <subfield code="0">(DE-627)1271965275</subfield>
   <subfield code="0">(DE-625)rvk/90549:797</subfield>
   <subfield code="0">(DE-576)201965275</subfield>
  </datafield>
  <datafield tag="936" ind1="r" ind2="v">
   <subfield code="a">ME 2600</subfield>
   <subfield code="b">Diktatur, Despotismus</subfield>
   <subfield code="k">Politologie</subfield>
   <subfield code="k">Politische Systeme: Allgemeines und Vergleich</subfield>
   <subfield code="k">Staatsformen</subfield>
   <subfield code="k">Diktatur, Despotismus</subfield>
   <subfield code="0">(DE-627)127142679X</subfield>
   <subfield code="0">(DE-625)rvk/122587:</subfield>
   <subfield code="0">(DE-576)20142679X</subfield>
  </datafield>
  <datafield tag="936" ind1="r" ind2="v">
   <subfield code="a">MF 9300</subfield>
   <subfield code="b">Kulturpolitik, Wissenschaftspolitik</subfield>
   <subfield code="k">Politologie</subfield>
   <subfield code="k">Politische Systeme: einzelne Elemente</subfield>
   <subfield code="k">Politische Sachgebiete</subfield>
   <subfield code="k">Kulturpolitik, Wissenschaftspolitik</subfield>
   <subfield code="0">(DE-627)1271432110</subfield>
   <subfield code="0">(DE-625)rvk/122809:</subfield>
   <subfield code="0">(DE-576)201432110</subfield>
  </datafield>
  <datafield tag="936" ind1="r" ind2="v">
   <subfield code="a">NZ 13300</subfield>
   <subfield code="b">Allgemeines</subfield>
   <subfield code="k">Geschichte</subfield>
   <subfield code="k">Regionale Landeskunde</subfield>
   <subfield code="k">Landesgeschichte Sachsen</subfield>
   <subfield code="k">Geschichte Sachsens nach Zeitabschnitten</subfield>
   <subfield code="k">Zeit des Nationalsozialismus (1933 - 1945)</subfield>
   <subfield code="k">Allgemeines</subfield>
   <subfield code="0">(DE-627)1272126625</subfield>
   <subfield code="0">(DE-625)rvk/132528:</subfield>
   <subfield code="0">(DE-576)202126625</subfield>
  </datafield>
  <datafield tag="936" ind1="r" ind2="v">
   <subfield code="a">NZ 13430</subfield>
   <subfield code="b">Allgemeines</subfield>
   <subfield code="k">Geschichte</subfield>
   <subfield code="k">Regionale Landeskunde</subfield>
   <subfield code="k">Landesgeschichte Sachsen</subfield>
   <subfield code="k">Geschichte Sachsens nach Zeitabschnitten</subfield>
   <subfield code="k">1945 - 1990</subfield>
   <subfield code="k">Allgemeines</subfield>
   <subfield code="0">(DE-627)1272126641</subfield>
   <subfield code="0">(DE-625)rvk/132534:</subfield>
   <subfield code="0">(DE-576)202126641</subfield>
  </datafield>
  <datafield tag="936" ind1="r" ind2="v">
   <subfield code="a">NR 6470</subfield>
   <subfield code="b">Einzelbeiträge</subfield>
   <subfield code="k">Geschichte</subfield>
   <subfield code="k">Landes- und Stadtgeschichte (Allgemeine, Deutsche und Österreichische Landes- und Stadtgeschichte, Ausländische Stadtgeschichte, Geschichte der Auslanddeutschen)</subfield>
   <subfield code="k">Deutsche Landesgeschichte im Einzelnen (einschl. ehemaliger deutscher Gebiete)</subfield>
   <subfield code="k">Thüringen, Sachsen, Sachsen-Anhalt</subfield>
   <subfield code="k">Einzelbeiträge</subfield>
   <subfield code="0">(DE-627)1270985426</subfield>
   <subfield code="0">(DE-625)rvk/129587:</subfield>
   <subfield code="0">(DE-576)200985426</subfield>
  </datafield>
  <datafield tag="936" ind1="r" ind2="v">
   <subfield code="a">DD 4700</subfield>
   <subfield code="b">20. Jahrhundert bis 2. Weltkrieg</subfield>
   <subfield code="k">Pädagogik</subfield>
   <subfield code="k">Geschichte der Pädagogik und des Bildungswesens</subfield>
   <subfield code="k">20. Jahrhundert bis 2. Weltkrieg</subfield>
   <subfield code="0">(DE-627)1270707043</subfield>
   <subfield code="0">(DE-625)rvk/19296:</subfield>
   <subfield code="0">(DE-576)200707043</subfield>
  </datafield>
  <datafield tag="936" ind1="r" ind2="v">
   <subfield code="a">DD 4800</subfield>
   <subfield code="b">Gegenwart (ab 2. Weltkrieg) und 20. Jahrhundert allgemein</subfield>
   <subfield code="k">Pädagogik</subfield>
   <subfield code="k">Geschichte der Pädagogik und des Bildungswesens</subfield>
   <subfield code="k">Gegenwart (ab 2. Weltkrieg) und 20. Jahrhundert allgemein</subfield>
   <subfield code="0">(DE-627)1270664328</subfield>
   <subfield code="0">(DE-625)rvk/19299:</subfield>
   <subfield code="0">(DE-576)200664328</subfield>
  </datafield>
  <datafield tag="936" ind1="r" ind2="v">
   <subfield code="a">NZ 13340</subfield>
   <subfield code="b">Einzelbeiträge</subfield>
   <subfield code="k">Geschichte</subfield>
   <subfield code="k">Regionale Landeskunde</subfield>
   <subfield code="k">Landesgeschichte Sachsen</subfield>
   <subfield code="k">Geschichte Sachsens nach Zeitabschnitten</subfield>
   <subfield code="k">Zeit des Nationalsozialismus (1933 - 1945)</subfield>
   <subfield code="k">Einzelbeiträge</subfield>
   <subfield code="0">(DE-627)1270820524</subfield>
   <subfield code="0">(DE-625)rvk/132530:</subfield>
   <subfield code="0">(DE-576)200820524</subfield>
  </datafield>
  <datafield tag="936" ind1="b" ind2="k">
   <subfield code="a">73.93</subfield>
   <subfield code="j">Immaterielle Kultur</subfield>
   <subfield code="x">Volkskunde</subfield>
   <subfield code="0">(DE-627)181571463</subfield>
  </datafield>
  <datafield tag="936" ind1="b" ind2="k">
   <subfield code="a">15.48</subfield>
   <subfield code="j">Sachsen</subfield>
   <subfield code="j">Sachsen-Anhalt</subfield>
   <subfield code="j">Thüringen</subfield>
   <subfield code="x">Geschichte</subfield>
   <subfield code="0">(DE-627)181571048</subfield>
  </datafield>
  <datafield tag="936" ind1="s" ind2="n">
   <subfield code="a">d100</subfield>
   <subfield code="2">mzub</subfield>
  </datafield>
  <datafield tag="936" ind1="s" ind2="n">
   <subfield code="a">n100</subfield>
   <subfield code="2">mzub</subfield>
  </datafield>
  <datafield tag="936" ind1="s" ind2="n">
   <subfield code="a">m200</subfield>
   <subfield code="2">mzub</subfield>
  </datafield>
  <datafield tag="951" ind1=" " ind2=" ">
   <subfield code="a">BO</subfield>
  </datafield>
  <datafield tag="990" ind1=" " ind2=" ">
   <subfield code="a">Sachsen</subfield>
  </datafield>
  <datafield tag="990" ind1=" " ind2=" ">
   <subfield code="a">Heimatgefühl</subfield>
  </datafield>
  <datafield tag="990" ind1=" " ind2=" ">
   <subfield code="a">Politische Bewegung</subfield>
  </datafield>
  <datafield tag="990" ind1=" " ind2=" ">
   <subfield code="a">Geschichte 1936-1949</subfield>
  </datafield>
  <datafield tag="990" ind1=" " ind2=" ">
   <subfield code="a">Diktatur</subfield>
  </datafield>
  <datafield tag="990" ind1=" " ind2=" ">
   <subfield code="a">Regionalkultur</subfield>
  </datafield>
  <datafield tag="990" ind1=" " ind2=" ">
   <subfield code="a">Regionale Identität</subfield>
  </datafield>
  <datafield tag="990" ind1=" " ind2=" ">
   <subfield code="a">Systemvergleich</subfield>
  </datafield>
  <datafield tag="991" ind1=" " ind2=" ">
   <subfield code="a">Rezensiertes Werk</subfield>
  </datafield>
  <datafield tag="999" ind1=" " ind2=" ">
   <subfield code="a">KXP-PPN358056209</subfield>
   <subfield code="e">4964336638</subfield>
  </datafield>
 </record>
</collection>
